Presión tributaria efectiva y potencial en Argentina (Registro nro. 23069)

Detalles MARC
000 -LEADER
fixed length control field 00413 a2200133 4500
001 - CONTROL NUMBER
control field ART_48925
005 - DATE AND TIME OF LATEST TRANSACTION
control field 20260410161829.0
008 - FIXED-LENGTH DATA ELEMENTS--GENERAL INFORMATION
fixed length control field 260409a
100 1# - MAIN ENTRY--PERSONAL NAME
Personal name Garriga, Marcelo
245 10 - TITLE STATEMENT
Title Presión tributaria efectiva y potencial en Argentina
700 1# - ADDED ENTRY--PERSONAL NAME
Personal name Rosales, Walter
700 1# - ADDED ENTRY--PERSONAL NAME
Personal name Mangiacone, Norberto
773 0# - HOST ITEM ENTRY
Title Estudios Económicos
Related parts - Vol. 35, Nº 71 (jul./dic. 2018)
Record control number REV5080

No hay ítems disponibles.